Представление документа в формате RUSMARC

ПолеНазваниеЗначение
  Тип записи a
  Библиографический уровень m
001 Контрольный номер RU/CBS_UL/BASE/580556927
005 Дата корректировки 20240209174828.2
010 Индекс ISBN __
a ISBN
b Уточнения в пер.
d Цена 2 000 р. 00 к.
9 Тираж экз.
100 Данные общей обработки __
a Данные общей обработки 20180525d2018 ||| 0rusy0189 ca
101 Язык документа 0_
a Язык текста rus
102 Страна публикации __
a Страна публикации RU
105 Кодированные данные (монография) __
a Кодированные данные (монография) y###||||000|y
200 Заглавие и сведения об ответственности 1_
a Заглавие Покой и воля
b Общее обозначение материала Текст
e Сведения, относящиеся к заглавию некоторые проблемы Пушкинского творчества
f Первые сведения об ответственности Г. Г. Красухин
210 Выходные данные 1_
a Место издания Москва
c Издательство Современник
d Дата издания 1987
215 Физическое описание __
a Объем 268 с.
d Формат см.
300 Общие примечания __
a Общие примечания Ограничения по возрасту - 16+
300 Общие примечания __
a Общие примечания Под инв. номером 56536: 28-2
600 Персоналии _0
a Персоналии (Фамилия) Пушкин
b Персоналии (Имя, инициалы) А. С.
606 Тематические рубрики 0_
a Основная рубрика Пушкин, Александр Сергеевич (1799-1837)
610 Ключевые слова 0_
a Ключевые слова литература русская
a Ключевые слова поэты русские
a Ключевые слова писатели русские
686 Индексы других классификаций __
a Классификационный индекс 83.3(2Рос=Рус)1
2 Код системы ББК
700 Автор _1
a Фамилия Красухин
b Имя (инициалы) Геннадий Григорьевич
g Полное личное имя Г. Г.
801 Источник записи _0
a Страна RU
b Организация МБУК ЦБС
c Дата составления 20180525
g Правила каталогизации RCR
801 Источник записи _1
a Страна RU
b Организация МБУК ЦБС г. Ульяновска
c Дата составления 20180525
g Правила каталогизации RCR
899 Данные о местонахождении __
i Авторский знак К 78
j Расстановочный фильтр 83.3(2Рос=Рус)1
901 Тип документа __
t Тип документа m
910 Корректоры записи __
a Корректор записи Тихонова